[Event "1. Bundesliga 2013/2014"]
[Site "Jenbach, Wolfsberg, St. Veit/Glan"]
[Date "2014.02.01"]
[Round "6"]
[Board "5"]
[White "Kreindl, Helmut"]
[Black "Schreiner, Peter"]
[Result "1/2-1/2"]
[WhiteElo "2208"]
[BlackElo "2455"]
[PlyCount "105"]
[EventDate "2013.12.06"]
[EventType "team"]
[EventRounds "11"]
[EventCountry "AUT"]
[WhiteTeam "tschaturanga"]
[BlackTeam "SV Raika Rapid Feffernitz"]

1. d4 g6 2. Nf3 Bg7 3. e3 Nf6 4. Be2 O-O 5. O-O c5 6. b3 b6 7. Bb2 Bb7 8. c4
cxd4 9. Nxd4 Nc6 10. Nd2 Rc8 11. Bf3 Qc7 12. Ne4 Ne5 13. Nxf6+ Bxf6 14. Bxb7
Qxb7 15. Qe2 d6 16. Rfd1 a6 17. Rd2 Bg7 18. Rad1 Rc7 19. Nf3 Nxf3+ 20. Qxf3
Qxf3 21. gxf3 Bxb2 22. Rxb2 Rc5 23. Rd4 Rfc8 24. Rbd2 Kg7 25. Kg2 Rg5+ 26. Rg4
Ra5 27. a4 Rc6 28. Rgd4 Rg5+ 29. Rg4 Rgc5 30. Rgd4 h5 31. h4 Rc7 32. f4 Kf6 33.
Kf3 Ke6 34. Ke2 Rc8 35. e4 f6 36. f3 g5 37. f5+ Kf7 38. Kd3 b5 39. axb5 axb5
40. Rh2 bxc4+ 41. Rxc4 Rxc4 42. bxc4 Rh8 43. Kd4 gxh4 44. Rxh4 e6 45. fxe6+
Kxe6 46. f4 f5 47. exf5+ Kxf5 48. Kd5 Rh6 49. Kd4 Ke6 50. Ke4 Rh8 51. Kd4 Rh7
52. Ke4 Rh8 53. Kd4 1/2-1/2

[Event "1. Bundesliga 2013/2014"]
[Site "Jenbach, Wolfsberg, St. Veit/Glan"]
[Date "2014.02.01"]
[Round "6"]
[Board "6"]
[White "Zorko, Jure"]
[Black "Leitner, Gerald"]
[Result "1-0"]
[WhiteElo "2466"]
[BlackElo "2199"]
[PlyCount "82"]
[EventDate "2013.12.06"]
[EventType "team"]
[EventRounds "11"]
[EventCountry "AUT"]
[WhiteTeam "SV Raika Rapid Feffernitz"]
[BlackTeam "tschaturanga"]

1. d4 d5 2. c4 c6 3. Nf3 e6 4. e3 Nf6 5. b3 Nbd7 6. Nbd2 Bd6 7. Bb2 O-O 8. Bd3
Re8 9. Ne5 dxc4 10. Nexc4 Bf8 11. f4 c5 12. O-O cxd4 13. exd4 Nd5 14. Qf3 N7f6
15. Ne5 Bd7 16. Ne4 Bc6 17. Ng5 Re7 18. f5 exf5 19. Bxf5 Qb6 20. Ngxf7 Rae8 21.
Nc4 Qc7 22. Nfe5 b5 23. Nxc6 Qxc6 24. Ne5 Qb6 25. Kh1 g6 26. Bd3 Bg7 27. a4 a6
28. axb5 axb5 29. Ba3 b4 30. Bb2 Rd8 31. Ra6 Qb7 32. Nc6 Rde8 33. Nxe7+ Rxe7
34. Bc4 Kh8 35. Rd6 Rd7 36. Rxd7 Qxd7 37. Bc1 h6 38. Bf4 Nxf4 39. Qxf4 Kh7 40.
d5 h5 41. h3 Qd8 1-0

[Event "1. Bundesliga 2013/2014"]
[Site "Jenbach, Wolfsberg, St. Veit/Glan"]
[Date "2014.02.01"]
[Round "6"]
[Board "1"]
[White "Bromberger, Stefan"]
[Black "Melkumyan, Hrant"]
[Result "1/2-1/2"]
[WhiteElo "2500"]
[BlackElo "2613"]
[PlyCount "82"]
[EventDate "2013.12.06"]
[EventType "team"]
[EventRounds "11"]
[EventCountry "AUT"]
[WhiteTeam "SIR Bernhard Glatz"]
[BlackTeam "ASVOE Wulkaprodersdorf"]

1. d4 Nf6 2. c4 e6 3. Nc3 Bb4 4. Qc2 d5 5. a3 Bxc3+ 6. Qxc3 Ne4 7. Qc2 c5 8.
dxc5 Nc6 9. e3 Qa5+ 10. Bd2 Qxc5 11. b4 Qe7 12. Bc1 Bd7 13. Bb2 Rc8 14. Nf3 a5
15. Bd3 axb4 16. Bxe4 dxe4 17. Qxe4 f6 18. O-O b3 19. Nd2 O-O 20. Nxb3 Be8 21.
Rac1 Bg6 22. Qg4 Rfd8 23. Rfd1 Rxd1+ 24. Qxd1 Rd8 25. Qe1 e5 26. h3 h6 27. Rd1
Bc2 28. Rxd8+ Qxd8 29. Nc1 Bg6 30. Na2 Na5 31. c5 Nc4 32. Qc1 Qd3 33. Nb4 Qb3
34. Bc3 Be4 35. Be1 Nxa3 36. c6 bxc6 37. f3 Bd5 38. Nxd5 cxd5 39. Qc8+ Kh7 40.
Qf5+ Kg8 41. Qc8+ Kh7 1/2-1/2

[Event "1. Bundesliga 2013/2014"]
[Site "Jenbach, Wolfsberg, St. Veit/Glan"]
[Date "2014.02.01"]
[Round "6"]
[Board "2"]
[White "Antoniewski, Rafal"]
[Black "Mons, Leon"]
[Result "1/2-1/2"]
[WhiteElo "2553"]
[BlackElo "2418"]
[PlyCount "80"]
[EventDate "2013.12.06"]
[EventType "team"]
[EventRounds "11"]
[EventCountry "AUT"]
[WhiteTeam "ASVOE Wulkaprodersdorf"]
[BlackTeam "SIR Bernhard Glatz"]

1. e4 e5 2. Nf3 Nc6 3. Nc3 Nf6 4. d4 exd4 5. Nxd4 Bb4 6. Nxc6 bxc6 7. Bd3 d5 8.
exd5 cxd5 9. O-O O-O 10. h3 c6 11. Qf3 Bd6 12. Bf4 Re8 13. Rfe1 Be6 14. Ne2 Qb8
15. b3 Bd7 16. Bxd6 Qxd6 17. c4 d4 18. c5 Qxc5 19. Red1 Qd5 20. Nxd4 Qxf3 21.
Nxf3 a5 22. Bc4 h6 23. Rd6 a4 24. b4 a3 25. Nd4 Rec8 26. Rc1 Rab8 27. Bb3 Rxb4
28. Nxc6 Kf8 29. Nxb4 Rxc1+ 30. Kh2 Be6 31. Bxe6 fxe6 32. Rxe6 Rb1 33. Nd3 Rd1
34. Nf4 Rd2 35. Re2 Rb2 36. Ne6+ Kf7 37. Nd4 Nd5 38. Re5 Nb4 39. Re3 Rxa2 40.
Nb5 Rxf2 1/2-1/2

[Event "1. Bundesliga 2013/2014"]
[Site "Jenbach, Wolfsberg, St. Veit/Glan"]
[Date "2014.02.01"]
[Round "6"]
[Board "3"]
[White "Geske, Julian"]
[Black "Maksimenko, Andrei"]
[Result "1/2-1/2"]
[WhiteElo "2390"]
[BlackElo "2535"]
[PlyCount "224"]
[EventDate "2013.12.06"]
[EventType "team"]
[EventRounds "11"]
[EventCountry "AUT"]
[WhiteTeam "SIR Bernhard Glatz"]
[BlackTeam "ASVOE Wulkaprodersdorf"]

1. e4 c5 2. Nf3 d6 3. d4 cxd4 4. Nxd4 Nf6 5. Nc3 a6 6. Bg5 e6 7. f4 h6 8. Bh4
Qb6 9. Qd3 Qxb2 10. Rb1 Qa3 11. f5 Be7 12. fxe6 Bxe6 13. Nxe6 fxe6 14. e5 dxe5
15. Bxf6 gxf6 16. Be2 e4 17. Qc4 Nc6 18. Nxe4 Qa5+ 19. c3 Qd5 20. O-O Qxc4 21.
Bxc4 f5 22. Ng3 Nd8 23. Nh5 b5 24. Bb3 Rc8 25. Ng7+ Kd7 26. Rbd1+ Bd6 27. Rfe1
Rxc3 28. Nxe6 Re8 29. Nxd8 Rxe1+ 30. Rxe1 Kxd8 31. Re6 Bc5+ 32. Kf1 a5 33. Rxh6
a4 34. Bd5 b4 35. Rf6 b3 36. axb3 axb3 37. Bxb3 Rxb3 38. Rxf5 Bb6 39. Rd5+ Ke7
40. Rd2 Rb1+ 41. Ke2 Rh1 42. h3 Rb1 43. Rd3 Kf6 44. Kf3 Bc7 45. h4 Kf5 46. Rc3
Be5 47. Ra3 Rf1+ 48. Ke2 Rh1 49. Ra4 Bf4 50. Kf3 Rf1+ 51. Ke2 Rb1 52. Kf3 Rf1+
53. Ke2 Rb1 54. Kf3 Rb3+ 55. Kf2 Kg4 56. h5 Rb2+ 57. Kf1 Rb1+ 58. Kf2 Rb2+ 59.
Kf1 Rb5 60. Kf2 Kg5 61. h6 Rb2+ 62. Kf3 Rb3+ 63. Ke2 Rb7 64. Kf3 Bc1 65. Rc4
Rf7+ 66. Kg3 Bf4+ 67. Kh3 Kxh6 68. g3 Be5 69. Rh4+ Kg5 70. Rg4+ Kf5 71. Ra4 Rd7
72. Ra3 Ke4 73. Kg2 Rb7 74. Ra4+ Bd4 75. Ra3 Rb8 76. Kh3 Be3 77. Ra6 Bc5 78.
Re6+ Kf5 79. Rc6 Bd4 80. Rc4 Be5 81. Ra4 Rh8+ 82. Kg2 Rd8 83. Kh3 Bd4 84. Ra5+
Ke4 85. Rb5 Ra8 86. Rb3 Ra1 87. Kg2 Ra2+ 88. Kh3 Be3 89. Kg4 Rh2 90. Rb4+ Bd4
91. Rb3 Rh8 92. Ra3 Bc5 93. Rc3 Bd4 94. Ra3 Rh2 95. Rb3 Rc2 96. Ra3 Bc3 97. Ra8
Rb2 98. Ra3 Kd3 99. Kf3 Rb8 100. Ra7 Rf8+ 101. Kg2 Bd2 102. Ra3+ Ke2 103. Ra2
Rf2+ 104. Kh3 Kf1 105. Rb2 Ke2 106. Ra2 Rf3 107. Kg2 Rb3 108. Rc2 Kd1 109. Rc8
Re3 110. Rf8 Be1 111. Rf3 Re2+ 112. Kh3 Bxg3 1/2-1/2

[Event "1. Bundesliga 2013/2014"]
[Site "Jenbach, Wolfsberg, St. Veit/Glan"]
[Date "2014.02.01"]
[Round "6"]
[Board "4"]
[White "Schneider, Ilja"]
[Black "Arnaudov, Petar"]
[Result "1/2-1/2"]
[WhiteElo "2486"]
[BlackElo "2459"]
[PlyCount "60"]
[EventDate "2013.12.06"]
[EventType "team"]
[EventRounds "11"]
[EventCountry "AUT"]
[WhiteTeam "ASVOE Wulkaprodersdorf"]
[BlackTeam "SIR Bernhard Glatz"]

1. d4 Nf6 2. Bg5 Ne4 3. Bf4 d5 4. e3 c5 5. Bd3 cxd4 6. Bxe4 dxe4 7. exd4 Qb6 8.
Nc3 Nc6 9. Nge2 Bg4 10. O-O Rd8 11. Qe1 Bxe2 12. Qxe2 Nxd4 13. Qxe4 Qc6 14. Qe5
f6 15. Qh5+ g6 16. Qh3 e5 17. Bh6 Bxh6 18. Qxh6 Nf5 19. Qh3 O-O 20. Rad1 Nd4
21. Qe3 a6 22. Qe4 Rd6 23. f4 Rfd8 24. Qxc6 Rxc6 25. fxe5 fxe5 26. Rfe1 Rc5 27.
Rd3 Rdc8 28. Re4 R8c7 29. h4 Kg7 30. h5 b5 1/2-1/2

[Event "1. Bundesliga 2013/2014"]
[Site "Jenbach, Wolfsberg, St. Veit/Glan"]
[Date "2014.02.01"]
[Round "6"]
[Board "5"]
[White "Pitl, Gregory"]
[Black "Thiede, Lars"]
[Result "0-1"]
[WhiteElo "2389"]
[BlackElo "2448"]
[PlyCount "94"]
[EventDate "2013.12.06"]
[EventType "team"]
[EventRounds "11"]
[EventCountry "AUT"]
[WhiteTeam "SIR Bernhard Glatz"]
[BlackTeam "ASVOE Wulkaprodersdorf"]

1. d4 g6 2. c4 Bg7 3. Nc3 Nf6 4. e4 O-O 5. Nf3 d6 6. Be2 Na6 7. O-O c5 8. Be3
b6 9. Qd2 Bg4 10. Rfd1 Bxf3 11. Bxf3 cxd4 12. Bxd4 Rc8 13. e5 dxe5 14. Bxe5
Qxd2 15. Rxd2 Nc5 16. Rad1 Nfe4 17. Nxe4 Bxe5 18. Nxc5 Rxc5 19. Rd7 Bd6 20. b3
Ra5 21. a4 Rb8 22. Bd5 Bb4 23. g3 a6 24. Bb7 Kg7 25. Kg2 g5 26. h3 h5 27. Bf3
h4 28. gxh4 gxh4 29. R1d4 Rg5+ 30. Kf1 Rh8 31. R4d5 Kf6 32. Rd4 Bc5 33. Re4 Rf5
34. Ke2 a5 35. Rd5 e6 36. Rd7 Rh7 37. Rg4 Rg7 38. Rxg7 Kxg7 39. Rd8 Rg5 40. Kf1
Rf5 41. Ke2 Rf4 42. Rd7 Kg6 43. Rd8 f5 44. Rg8+ Kf6 45. Rg2 e5 46. Bd5 e4 47.
f3 Rxf3 0-1

[Event "1. Bundesliga 2013/2014"]
[Site "Jenbach, Wolfsberg, St. Veit/Glan"]
[Date "2014.02.01"]
[Round "6"]
[Board "6"]
[White "Wallner, Joachim"]
[Black "Seyb, Alexander"]
[Result "0-1"]
[WhiteElo "2366"]
[BlackElo "2367"]
[PlyCount "90"]
[EventDate "2013.12.06"]
[EventType "team"]
[EventRounds "11"]
[EventCountry "AUT"]
[WhiteTeam "ASVOE Wulkaprodersdorf"]
[BlackTeam "SIR Bernhard Glatz"]

1. b3 e5 2. Bb2 Nc6 3. e3 Nf6 4. Bb5 Bd6 5. Na3 Na5 6. Be2 Be7 7. c4 O-O 8. Nc2
Nc6 9. d3 d5 10. cxd5 Nxd5 11. Nf3 f6 12. O-O a5 13. e4 Nf4 14. d4 Nxe2+ 15.
Qxe2 Nxd4 16. Ncxd4 exd4 17. Nxd4 Bb4 18. Rac1 c6 19. f4 Qe7 20. e5 fxe5 21.
fxe5 Be6 22. Nxe6 Qxe6 23. Qc4 Qxc4 24. Rxc4 Rxf1+ 25. Kxf1 Rd8 26. Rc2 Kf7 27.
Ke2 Ke6 28. h3 g6 29. Ke3 Bf8 30. Ke4 Rd5 31. Re2 a4 32. bxa4 Ra5 33. Bc3 Rxa4+
34. Kd3 Ra3 35. Kd4 c5+ 36. Kc4 b5+ 37. Kxb5 Rxc3 38. a4 Rb3+ 39. Kc6 Ra3 40.
Kb5 Rb3+ 41. Kc6 c4 42. a5 Ra3 43. Kb6 c3 44. a6 Bh6 45. a7 Bd2 0-1

[Event "1. Bundesliga 2013/2014"]
[Site "Jenbach, Wolfsberg, St. Veit/Glan"]
[Date "2014.02.01"]
[Round "6"]
[Board "2"]
[White "Bauer, Christian"]
[Black "Weiss, Christian"]
[Result "1-0"]
[WhiteElo "2627"]
[BlackElo "2386"]
[PlyCount "53"]
[EventDate "2013.12.06"]
[EventType "team"]
[EventRounds "11"]
[EventCountry "AUT"]
[WhiteTeam "Schachklub Sparkasse Jenbach"]
[BlackTeam "Union Ansfelden"]

1. e4 c5 2. Nf3 e6 3. g3 Nf6 4. d3 d5 5. Qe2 Be7 6. e5 Nfd7 7. c4 dxc4 8. dxc4
Nc6 9. Bg2 Qc7 10. Nc3 Nd4 11. Nxd4 cxd4 12. Nb5 Qb6 13. Qg4 g5 14. Qe4 a6 15.
Nxd4 Qa5+ 16. Bd2 Bb4 17. Nb3 Bxd2+ 18. Nxd2 Qxe5 19. O-O-O Rb8 20. Rhe1 Qxe4
21. Nxe4 h6 22. c5 Ke7 23. b4 a5 24. a3 axb4 25. axb4 Ne5 26. Nd6 Kf6 27. Rxe5
 1-0

[Event "1. Bundesliga 2013/2014"]
[Site "Jenbach, Wolfsberg, St. Veit/Glan"]
[Date "2014.02.01"]
[Round "6"]
[Board "3"]
[White "Knoll, Hermann"]
[Black "Schlosser, Philipp"]
[Result "1/2-1/2"]
[WhiteElo "2302"]
[BlackElo "2612"]
[PlyCount "159"]
[EventDate "2013.12.06"]
[EventType "team"]
[EventRounds "11"]
[EventCountry "AUT"]
[WhiteTeam "Union Ansfelden"]
[BlackTeam "Schachklub Sparkasse Jenbach"]

1. e4 c5 2. Nf3 Nc6 3. d4 cxd4 4. Nxd4 Qc7 5. Nc3 e6 6. Nde2 a6 7. g3 b5 8. Bg2
Bb7 9. O-O Nf6 10. h3 Be7 11. Be3 Ne5 12. a3 O-O 13. Qc1 Rac8 14. f4 Nc4 15.
Bd4 Rfd8 16. Kh2 d6 17. b3 Na5 18. Rd1 Nd7 19. Ra2 Bf8 20. Qd2 Nc6 21. Be3 Qb8
22. f5 Nce5 23. fxe6 fxe6 24. Nf4 Re8 25. Re1 Nf6 26. Bd4 Qc7 27. Nd1 a5 28.
Nf2 a4 29. Re3 Bc6 30. Qe2 Qb7 31. Bxe5 dxe5 32. N4d3 Qc7 33. Nb4 Bd7 34. Nfd3
Ra8 35. Qd2 Rec8 36. Re2 Be8 37. Qg5 h6 38. Qxe5 Bd6 39. Qxe6+ Bf7 40. Qf5
Bxg3+ 41. Kh1 Bh4 42. Bf3 Bg5 43. Rg2 axb3 44. cxb3 Bxb3 45. Ra1 Qf7 46. Qxb5
Bc4 47. Qb6 Rf8 48. Ne5 Qe6 49. Qxe6+ Bxe6 50. Ng6 Bxh3 51. Rg3 Be6 52. Nxf8
Rxf8 53. e5 Nd7 54. Bd5 Bxd5+ 55. Nxd5 Nxe5 56. a4 Rd8 57. Rd1 Nc6 58. Nc3 Ra8
59. Kg2 Ne5 60. Ne4 Bf4 61. Rb3 Rxa4 62. Nc3 Rc4 63. Rf1 Bg5 64. Nd5 Rd4 65.
Ne3 Rd2+ 66. Kg3 Kh7 67. Nf5 Kg6 68. Nh4+ Bxh4+ 69. Kxh4 Rd4+ 70. Kg3 h5 71.
Rf4 Rd5 72. Rfb4 Kf5 73. Rf4+ Kg5 74. Rfb4 g6 75. Rb5 Rxb5 76. Rxb5 Kf5 77. Kh4
Kf4 78. Rb4+ Kf5 79. Rb5 Kf4 80. Rb4+ {Ke4} 1/2-1/2

[Event "1. Bundesliga 2013/2014"]
[Site "Jenbach, Wolfsberg, St. Veit/Glan"]
[Date "2014.02.01"]
[Round "6"]
[Board "4"]
[White "Acs, Peter"]
[Black "Moser, Guenter"]
[Result "1-0"]
[WhiteElo "2576"]
[BlackElo "2349"]
[PlyCount "113"]
[EventDate "2013.12.06"]
[EventType "team"]
[EventRounds "11"]
[EventCountry "AUT"]
[WhiteTeam "Schachklub Sparkasse Jenbach"]
[BlackTeam "Union Ansfelden"]

1. e4 c6 2. d4 d5 3. e5 Bf5 4. h4 h5 5. Ne2 g6 6. Ng3 Bg4 7. f3 Be6 8. Nc3 Nh6
9. Be3 Nd7 10. Qd2 a6 11. Nce2 Bg7 12. Nf4 Nf8 13. Bd3 Nf5 14. Nxe6 fxe6 15.
Ne2 c5 16. c3 Qc7 17. Bf2 Bh6 18. f4 Nd7 19. O-O O-O 20. g3 Rf7 21. Bxf5 Rxf5
22. Be3 Kh7 23. dxc5 Nxc5 24. Bxc5 Qxc5+ 25. Qd4 Qb5 26. Qe3 Rc8 27. Rab1 Qa5
28. a3 Rc4 29. Nd4 Qc7 30. Rbc1 Qc8 31. b3 Rc7 32. Qd3 b5 33. Nxf5 exf5 34.
Qxd5 Rxc3 35. Rxc3 Qxc3 36. Kg2 Qb2+ 37. Rf2 Qxa3 38. Rc2 Bg7 39. Rc6 Qa2+ 40.
Kh3 Qa1 41. Re6 Bf8 42. Rb6 Qf1+ 43. Qg2 Qd1 44. Rxa6 Qxb3 45. Qa2 Qf3 46. Qf7+
Bg7 47. Qxg6+ Kh8 48. Qc6 Qf1+ 49. Qg2 Qd3 50. Ra2 Bh6 51. Qe2 Qd5 52. Ra1 Kg7
53. Rb1 Kg6 54. Qxb5 Qf7 55. Qc6+ Kh7 56. Rb6 Qg7 57. Kh2 1-0

[Event "1. Bundesliga 2013/2014"]
[Site "Jenbach, Wolfsberg, St. Veit/Glan"]
[Date "2014.02.01"]
[Round "6"]
[Board "5"]
[White "Felsberger, Alfred"]
[Black "Boensch, Uwe"]
[Result "0-1"]
[WhiteElo "2352"]
[BlackElo "2544"]
[PlyCount "74"]
[EventDate "2013.12.06"]
[EventType "team"]
[EventRounds "11"]
[EventCountry "AUT"]
[WhiteTeam "Union Ansfelden"]
[BlackTeam "Schachklub Sparkasse Jenbach"]

1. e4 c5 2. Nf3 d6 3. d4 cxd4 4. Nxd4 Nf6 5. Nc3 a6 6. f3 e5 7. Nb3 Be7 8. Be3
O-O 9. Qd2 Be6 10. O-O-O a5 11. Kb1 a4 12. Nc1 a3 13. b3 Ra5 14. g4 d5 15. g5
d4 16. gxf6 Bxf6 17. Bf2 dxc3 18. Qxd8 Rxd8 19. Rxd8+ Bxd8 20. Ne2 Nc6 21. Nxc3
Nd4 22. f4 g6 23. Bd3 Bf6 24. Bxd4 exd4 25. Ne2 Rh5 26. e5 Bd5 27. Re1 Be7 28.
Nxd4 Rxh2 29. Kc1 Bb4 30. Rf1 Bg2 31. Rg1 Kf8 32. Be2 Bh3 33. Kd1 h5 34. Nf3
Rf2 35. Rg3 Bg4 36. c4 Ke7 37. Nd4 Rxf4 0-1

[Event "1. Bundesliga 2013/2014"]
[Site "Jenbach, Wolfsberg, St. Veit/Glan"]
[Date "2014.02.01"]
[Round "6"]
[Board "1"]
[White "Luther, Thomas"]
[Black "Shengelia, David"]
[Result "1/2-1/2"]
[WhiteElo "2571"]
[BlackElo "2547"]
[PlyCount "60"]
[EventDate "2013.12.06"]
[EventType "team"]
[EventRounds "11"]
[EventCountry "AUT"]
[WhiteTeam "SK Absam"]
[BlackTeam "SK Advisory Invest Baden"]

1. e4 c5 2. Nf3 e6 3. c3 Nf6 4. e5 Nd5 5. d4 cxd4 6. cxd4 d6 7. Bc4 Nb6 8. Bb3
dxe5 9. Nxe5 Nc6 10. Nxc6 bxc6 11. O-O Be7 12. Nc3 O-O 13. Qd3 a5 14. Bc2 g6
15. Rd1 Ba6 16. Qf3 Rc8 17. Bh6 Re8 18. Be4 Nd5 19. Na4 f5 20. Bxd5 Qxd5 21.
Qe3 Qe4 22. Qxe4 fxe4 23. Bf4 Rcd8 24. Be5 Bd3 25. Nc5 Bxc5 26. dxc5 Rd5 27.
Bd6 a4 28. Rdc1 Ra8 29. Rc3 e5 30. Ra3 Kf7 1/2-1/2

[Event "1. Bundesliga 2013/2014"]
[Site "Jenbach, Wolfsberg, St. Veit/Glan"]
[Date "2014.02.01"]
[Round "6"]
[Board "2"]
[White "Poetsch, Hagen"]
[Black "Dizdar, Goran"]
[Result "1-0"]
[WhiteElo "2479"]
[BlackElo "2514"]
[PlyCount "139"]
[EventDate "2013.12.06"]
[EventType "team"]
[EventRounds "11"]
[EventCountry "AUT"]
[WhiteTeam "SK Advisory Invest Baden"]
[BlackTeam "SK Absam"]

1. e4 e6 2. d4 d5 3. Nc3 Bb4 4. a3 Bxc3+ 5. bxc3 dxe4 6. Qg4 Nf6 7. Qxg7 Rg8 8.
Qh6 c5 9. Ne2 Nbd7 10. Ng3 Qc7 11. Bb5 Rg6 12. Qd2 a6 13. Be2 b6 14. O-O Bb7
15. f3 Rc8 16. fxe4 Nxe4 17. Nxe4 Bxe4 18. Rf2 Nf6 19. Bxa6 Ra8 20. Bb5+ Ke7
21. Qf4 Qxf4 22. Bxf4 Nd5 23. Bd2 Rag8 24. Bf1 cxd4 25. cxd4 Bxc2 26. Bb4+ Nxb4
27. axb4 Bf5 28. Ra7+ Kd6 29. Bb5 Kd5 30. Rd7+ Ke4 31. Re2+ Kf4 32. Rxf7 R6g7
33. Rxg7 Rxg7 34. Bc4 Re7 35. Kf2 Kg5 36. Re5 Kf6 37. Be2 Bg6 38. g4 h6 39. h4
Rd7 40. Ke3 Rc7 41. g5+ hxg5 42. hxg5+ Kf7 43. Bg4 Rc6 44. b5 Rd6 45. Be2 Bf5
46. Bc4 Kg6 47. d5 exd5 48. Bxd5 Bd7 49. Be4+ Kg7 50. Bf5 Bxf5 51. Rxf5 Kg6 52.
Ke4 Re6+ 53. Re5 Rd6 54. Rd5 Re6+ 55. Kd4 Kh5 56. Rf5 Rd6+ 57. Ke5 Rd1 58. Kf6
Rd4 59. g6+ Kh6 60. Rg5 Rf4+ 61. Ke5 Rc4 62. Rf5 Kxg6 63. Rf6+ Kg7 64. Rxb6 Kf7
65. Kd5 Rc1 66. Rc6 Rb1 67. Rc7+ Ke8 68. Kc6 Kd8 69. b6 Re1 70. Rd7+ 1-0

[Event "1. Bundesliga 2013/2014"]
[Site "Jenbach, Wolfsberg, St. Veit/Glan"]
[Date "2014.02.01"]
[Round "6"]
[Board "3"]
[White "Rotstein, Arkadij"]
[Black "Tuncer, Ufuk"]
[Result "1/2-1/2"]
[WhiteElo "2501"]
[BlackElo "2345"]
[PlyCount "146"]
[EventDate "2013.12.06"]
[EventType "team"]
[EventRounds "11"]
[EventCountry "AUT"]
[WhiteTeam "SK Absam"]
[BlackTeam "SK Advisory Invest Baden"]

1. Nf3 Nf6 2. d4 g6 3. g3 Bg7 4. Bg2 O-O 5. O-O d5 6. c4 dxc4 7. Na3 Nc6 8.
Nxc4 Be6 9. b3 Bd5 10. Bb2 a5 11. a4 Nb4 12. e3 Be4 13. Ne1 Bxg2 14. Nxg2 c6
15. Qe2 b5 16. Ne5 Nd7 17. Rfd1 Qc7 18. Nxd7 Qxd7 19. Nf4 bxa4 20. bxa4 Rab8
21. Rac1 Rfd8 22. Bc3 c5 23. dxc5 Qxa4 24. Rxd8+ Rxd8 25. Bxb4 axb4 26. c6 b3
27. c7 Rc8 28. Nd5 b2 29. Rf1 Qd7 30. Qa6 Rxc7 31. Nxc7 Qxc7 32. Qa8+ Bf8 33.
Kg2 Qc2 34. Qb7 e6 35. Qb8 Kg7 36. h4 Be7 37. Qb7 Bf6 38. Qb5 h5 39. Qb7 Bc3
40. Qb5 Bd2 41. Qe5+ Kg8 42. Qb8+ Kh7 43. Qf8 Qc7 44. Rb1 Bc1 45. e4 Qb7 46.
Kh2 Qa7 47. Kg2 e5 48. Qd6 Qd4 49. Qc6 Qd3 50. Rxc1 bxc1=Q 51. Qxc1 Qxe4+ 52.
Kg1 Qf3 53. Qc5 Qe4 54. Qe7 Kg7 55. Qc7 Qd4 56. Qe7 Qd1+ 57. Kg2 Qd5+ 58. Kg1
e4 59. Kh2 Qd4 60. Kg2 Qd3 61. Qe5+ Kh7 62. Kg1 Qc4 63. Kg2 Qc6 64. Kg1 Kg8 65.
Qd4 Kf8 66. Qd8+ Qe8 67. Qd4 Qe6 68. Qd8+ Kg7 69. Qd4+ f6 70. Qa7+ Qf7 71. Qc5
Qb7 72. Qd4 Qe7 73. Kg2 Qb7 1/2-1/2

[Event "1. Bundesliga 2013/2014"]
[Site "Jenbach, Wolfsberg, St. Veit/Glan"]
[Date "2014.02.01"]
[Round "6"]
[Board "4"]
[White "Dzierzenga, Stefan"]
[Black "Wegerle, Joerg"]
[Result "0-1"]
[WhiteElo "2197"]
[BlackElo "2424"]
[PlyCount "88"]
[EventDate "2013.12.06"]
[EventType "team"]
[EventRounds "11"]
[EventCountry "AUT"]
[WhiteTeam "SK Advisory Invest Baden"]
[BlackTeam "SK Absam"]

1. e4 c5 2. Nf3 e6 3. b3 b6 4. Bd3 Bb7 5. O-O Nc6 6. Re1 Be7 7. Bb2 Nf6 8. c3
O-O 9. Bc2 Rc8 10. d4 cxd4 11. Nxd4 Qc7 12. c4 Bc5 13. Nxc6 Bxc6 14. Qf3 Ne8
15. Qh3 Qf4 16. Qg3 Qxg3 17. hxg3 f5 18. exf5 Nd6 19. f6 gxf6 20. Nd2 b5 21.
cxb5 Bxb5 22. Rac1 Bb4 23. Red1 Be2 24. Bb1 Bxd1 25. Rxd1 Rf7 26. Bd3 Rc5 27.
a3 Bxd2 28. Rxd2 Rd5 29. f3 Nb7 30. b4 Nd6 31. Bc3 Rf8 32. Ba6 Rxd2 33. Bxd2
Nf5 34. Kf2 Kf7 35. a4 Rb8 36. b5 Ke7 37. Bc3 e5 38. g4 Nd4 39. Ke3 Ne6 40. g5
fxg5 41. Bxe5 d6 42. Bc3 Nc5 43. Bd4 Nxa6 44. bxa6 Rb4 0-1

[Event "1. Bundesliga 2013/2014"]
[Site "Jenbach, Wolfsberg, St. Veit/Glan"]
[Date "2014.02.01"]
[Round "6"]
[Board "5"]
[White "Deglmann, Ludwig"]
[Black "Herndlbauer, Martin"]
[Result "1/2-1/2"]
[WhiteElo "2370"]
[BlackElo "2119"]
[PlyCount "46"]
[EventDate "2013.12.06"]
[EventType "team"]
[EventRounds "11"]
[EventCountry "AUT"]
[WhiteTeam "SK Absam"]
[BlackTeam "SK Advisory Invest Baden"]

1. c4 c6 2. Nf3 d5 3. e3 Nf6 4. Nc3 Bg4 5. h3 Bxf3 6. Qxf3 e6 7. d4 Bb4 8. Bd3
Nbd7 9. cxd5 exd5 10. g4 Qe7 11. Bd2 Nb6 12. Kf1 Bxc3 13. Bxc3 Ne4 14. a3 a5
15. Kg2 O-O 16. Qe2 Rfe8 17. Be1 Nd6 18. a4 Nd7 19. Rc1 Nf8 20. Bd2 Ne4 21. Be1
Nd6 22. Bd2 Ne4 23. Be1 Nd6 1/2-1/2

[Event "1. Bundesliga 2013/2014"]
[Site "Jenbach, Wolfsberg, St. Veit/Glan"]
[Date "2014.02.01"]
[Round "6"]
[Board "6"]
[White "Juenger, Heinz"]
[Black "De Francesco, Klaus"]
[Result "1-0"]
[WhiteElo "2114"]
[BlackElo "2231"]
[PlyCount "55"]
[EventDate "2013.12.06"]
[EventType "team"]
[EventRounds "11"]
[EventCountry "AUT"]
[WhiteTeam "SK Advisory Invest Baden"]
[BlackTeam "SK Absam"]

1. e4 e6 2. d4 d5 3. Nc3 Nf6 4. e5 Nfd7 5. f4 c5 6. Nf3 Nc6 7. Be3 Be7 8. Qd2
O-O 9. g3 b6 10. Be2 f6 11. exf6 Nxf6 12. O-O Ng4 13. Nd1 Nxe3 14. Nxe3 Nxd4
15. Nxd4 cxd4 16. Ng4 Qc7 17. Bd3 Bd7 18. Rae1 Bd6 19. Qg2 Rae8 20. Qh3 h6 21.
Qh5 Rf7 22. Qg6 Kf8 23. Ne5 Bxe5 24. fxe5 Ree7 25. Qh7 Rxf1+ 26. Rxf1+ Rf7 27.
Rxf7+ Kxf7 28. Bg6+ 1-0

[Event "1. Bundesliga 2013/2014"]
[Site "Jenbach, Wolfsberg, St. Veit/Glan"]
[Date "2014.02.01"]
[Round "6"]
[Board "1"]
[White "Baramidze, David"]
[Black "Ragger, Markus"]
[Result "1/2-1/2"]
[WhiteElo "2610"]
[BlackElo "2644"]
[PlyCount "135"]
[EventDate "2013.12.06"]
[EventType "team"]
[EventRounds "11"]
[EventCountry "AUT"]
[WhiteTeam "SK Hohenems"]
[BlackTeam "Schachclub MPOE Maria Saal I"]

1. d4 Nf6 2. c4 g6 3. Nf3 Bg7 4. g3 O-O 5. Bg2 c5 6. O-O cxd4 7. Nxd4 d5 8.
cxd5 Nxd5 9. Nc3 Nxc3 10. bxc3 Nc6 11. Nxc6 bxc6 12. Ba3 Ba6 13. Rb1 Qxd1 14.
Rfxd1 Bxe2 15. Re1 Bb5 16. Rxe7 Rfe8 17. Rb7 Bxc3 18. R7xb5 cxb5 19. Bxa8 Rxa8
20. Rxb5 Rd8 21. Bc5 Bd4 22. Bxd4 Rxd4 23. Ra5 Rd7 24. g4 h6 25. Kg2 g5 26. Kg3
Kg7 27. Ra6 f6 28. f3 Kg6 29. h4 gxh4+ 30. Kxh4 Rd4 31. Kg3 h5 32. gxh5+ Kxh5
33. Rxa7 Kg5 34. Rg7+ Kf5 35. Rg4 Rd2 36. a4 Ra2 37. Rb4 Kg5 38. f4+ Kf5 39.
Kf3 Ra3+ 40. Ke2 Ke6 41. Rd4 Rc3 42. Kd2 Rc5 43. Kd3 f5 44. Rb4 Ra5 45. Kc3 Kd6
46. Kb3 Kc6 47. Rb8 Rd5 48. Rc8+ Kb7 49. Rf8 Kb6 50. Kc4 Ra5 51. Kb4 Rd5 52.
Rc8 Rd4+ 53. Rc4 Rd5 54. Kc3 Rd1 55. Rb4+ Ka6 56. Rd4 Re1 57. Kd2 Ra1 58. Ke3
Ra3+ 59. Kf2 Kb6 60. Rc4 Rb3 61. Rc8 Ra3 62. a5+ Rxa5 63. Kg3 Rc5 64. Rf8 Kc7
65. Kh4 Kd7 66. Kg5 Ke7 67. Rxf5 Rxf5+ 68. Kxf5 1/2-1/2

[Event "1. Bundesliga 2013/2014"]
[Site "Jenbach, Wolfsberg, St. Veit/Glan"]
[Date "2014.02.01"]
[Round "6"]
[Board "2"]
[White "Predojevic, Borki"]
[Black "Rozentalis, Eduardas"]
[Result "1/2-1/2"]
[WhiteElo "2607"]
[BlackElo "2623"]
[PlyCount "43"]
[EventDate "2013.12.06"]
[EventType "team"]
[EventRounds "11"]
[EventCountry "AUT"]
[WhiteTeam "Schachclub MPOE Maria Saal I"]
[BlackTeam "SK Hohenems"]

1. e4 e5 2. Nf3 Nf6 3. Nc3 Bb4 4. Nxe5 O-O 5. Nd3 Bxc3 6. dxc3 Nxe4 7. Be2 d5
8. O-O Nd7 9. Be3 c6 10. f3 Nd6 11. Re1 Re8 12. Bf2 Nf8 13. Bf1 Rxe1 14. Qxe1
Ng6 15. a4 Bf5 16. b3 h6 17. a5 Qf6 18. Bd4 Qg5 19. Be3 Qf6 20. Bd4 Qg5 21. Be3
Qf6 22. Bd4 1/2-1/2